Statistiken für Größte Städte Mexikos

Klicken Sie hier um das Quiz zu spielen!

Allgemein

  • Dieses Quiz wurde 12 mal gespielt
  • Das Durchschnittsergebnis liegt bei 8 aus 36

Antwortstatistiken

EinwohnerzahlStadt% Korrekt
8.843.706Mexiko-Stadt
100%
1.385.621Guadalajara
80%
1.142.952Monterrey
80%
888.797Cancún
70%
1.542.232Puebla
70%
1.810.645Tijuana
60%
1.579.803León
50%
658.609Acapulco
40%
925.762Chihuahua
30%
1.501.551Ciudad Juárez
30%
921.771Mérida
30%
794.789Querétaro
30%
854.186Mexicali
20%
845.941San Luis
20%
863.893Aguascalientes
10%
808.416Culiacán
10%
855.563Hermosillo
10%
510.739Matamoros
10%
911.168Naucalpan
10%
1.072.676Nezahualcóyotl
10%
537.963Veracruz
10%
1.257.547Zapopan
10%
536.436Apodaca
0%
703.215Chimalhuacán
0%
515.353Cuautitlán Izcalli
0%
616.068Durango
0%
1.643.623Ecatepec
0%
635.862Guadalupe
0%
523.065López Mateos
0%
743.275Morelia
0%
691.557Reynosa
0%
864.431Saltillo
0%
658.907Tlalnepantla
0%
650.123Tlaquepaque
0%
690.193Torreón
0%
578.830Tuxtla Gutiérrez
0%

Verteilung der Resultate

Perzentil nach korrekt beantworteten Fragen

Anzahl Personen mit jedem Resultat

Ihre Resultats-Entwicklung

Sie haben dieses Quiz noch nicht gespielt